| 000 -CABECERA (24) |
| Campo de control interno |
02570nam a22002534a 4500 |
| 003 - IDENTIFICADOR DE CONTROL |
| Campo control |
BOLpUSFA |
| 005 - FECHA Y HORA DE CATALOGACION |
| Campo de control |
20260407143953.0 |
| 008 - ELEMENTOS DE LONGITUD FIJA - INFORMACIÓN GENERAL |
| Campo de control de longitud fija |
t bo grm 001 | spa|| |
| 040 ## - Origen de la Catalogacion |
| Origen de la Catalogacion |
BOLpUSFA |
| 041 ## - Código de idioma (R) |
| Código de lengua del texto/banda sonora o título independiente (R) |
spa |
| 044 ## - Código de país de la publicación |
| Codigo de pais MARC |
BO |
| 082 ## - Número de la Clasificación Decimal Dewey |
| Número de la Clasificación Decimal Dewey |
ICO0046 |
| Codigo Cutter |
R696ePG |
| 100 ## - Autor Personal |
| Autor Personal |
Rodríguez Nina, Marco Antonio |
| 245 ## - Titulo |
| Titulo |
Estudio de factibilidad para la creación de una Empresa Constructora en el Distrito 8, de la ciudad de El Alto. |
| 260 ## - Editorial |
| Ciudad |
El Alto: |
| Nombre de la Editorial |
Universidad Privada San Francisco de Asís. Carrera de Ingeniería Comercial, |
| Fecha |
2025 |
| 300 ## - Descripcion |
| Extension |
173 p. |
| 502 ## - Nota de Tesis |
| Nota de Tesis |
Modalidad: Proyecto de Grado - <br/>Tutora: Lic. Melody Mariel Vicente Canaviri |
| 520 ## - Resumen |
| Resumen |
El presente estudio de factibilidad tiene como objetivo evaluar la creación de una <br/>empresa constructora en el Distrito 8 de la ciudad de El Alto, una zona que ha <br/>experimentado un notable crecimiento poblacional y expansión urbana en los últimos <br/>años. Este dinamismo ha generado una creciente demanda de servicios básicos, <br/>principalmente en el ámbito de la construcción de viviendas, lo que representa una <br/>oportunidad concreta de inversión en el sector. <br/><br/>La investigación se desarrolló aplicando una metodología integral que incluyó el <br/>análisis de mercado, la evaluación técnica y operativa, el diseño de estrategias de <br/>marketing, y un estudio económico-financiero. Con base en la capacidad de inversión <br/>y operación disponible, se proyectó una captación inicial moderada que permita un <br/>ingreso progresivo y sostenible al mercado, alineado con las condiciones reales del <br/>entorno. <br/><br/>En el análisis financiero, se utilizaron costos reales (sin ajuste por inflación), con un <br/>horizonte temporal de 5 años y una tasa de descuento del 30%, expresando todos los <br/>valores en bolivianos (Bs). Los resultados muestran un Valor Actual Neto (VAN) de <br/>107.581,15 Bs y una Tasa Interna de Retorno (TIR) del 41%, superando el rendimiento <br/>mínimo esperado. El punto de equilibrio se encuentra por debajo de la capacidad <br/>operativa proyectada, reforzando la viabilidad del negocio. <br/><br/>En conclusión, el proyecto demuestra ser rentable, sostenible y estratégicamente <br/>alineado con la demanda habitacional del Distrito 8, contribuyendo así al desarrollo <br/>urbano de El Alto.. <br/> <br/><br/> |
| 650 ## - Temas - Descriptores |
| Temas - Descriptores |
Ingeniería Comercial |
| 650 ## - Temas - Descriptores |
| Temas - Descriptores |
Proyecto de Grado |
| 650 ## - Temas - Descriptores |
| Temas - Descriptores |
Estudio de factibilidad |
| 650 ## - Temas - Descriptores |
| Temas - Descriptores |
Empresas constructoras |
| 942 ## - ELEMENTOS DE KOHA |
| Esquema de Clasificaci |
|
| Tipo de Documento |
Tesis |
| Catalogador |
LLO |